Κρητολογικά μελετήματα : γλώσσα, λογοτεχνία, πολιτισμός

Αποθηκεύτηκε σε:
Λεπτομέρειες βιβλιογραφικής εγγραφής
Κύριος συγγραφέας: Χαραλαμπάκης, Χριστόφορος 1948-
Μορφή: Βιβλίο
Γλώσσα:Greek
Δημοσίευση: Ηράκλειο : Πανεπιστημιακές Εκδόσης Κρήτης, 2001
Σειρά:Συμβολές στις επιστήμες του ανθρώπου / φιλολογία
Θέματα:
Ετικέτες: Προσθήκη ετικέτας
Δεν υπάρχουν, Καταχωρήστε ετικέτα πρώτοι!

MARC

LEADER 00000nam a2200000 i 4500
001 1/56126
008 070926s2001 gre d
020 |a 960-524-128-5 
035 |l 10091055 
040 |a GR-MY-UA  |b gre  |e aacr 
041 0 |a gre 
082 0 |a 489.2  |2 (22) 
100 1 |a Χαραλαμπάκης, Χριστόφορος  |d 1948- 
245 1 0 |a Κρητολογικά μελετήματα :  |b γλώσσα, λογοτεχνία, πολιτισμός /  |c Χριστόφορος Χαραλαμπάκης 
260 |a Ηράκλειο :   |b Πανεπιστημιακές Εκδόσης Κρήτης,   |c 2001 
300 |a 387 σ.;  |c 24 εκ. 
490 1 |a Συμβολές στις επιστήμες του ανθρώπου / φιλολογία 
500 |a "Ιδρυτική δωρεά Παγκρητικής Ενώσεως Αμερικής" 
504 |a Περιλαμβάνει βιβλιογραφίες και ευρετήριο 
650 0 0 |a Greek language, Modern  |x Dialects  |z Greece  |z Crete. 
650 0 0 |a Linguistic analysis (Linguistics) 
650 0 0 |a Greek philology, Modern. 
651 0 |a Crete (Greece)  |x Civilization. 
830 0 |a Συμβολές στις επιστήμες του ανθρώπου / φιλολογία 
852 |a INST  |b RHODES  |e 20070926  |h 489.2 ΧΑΡ  |p 005400025673  |q 005400025673  |t BK  |y 0 
901 |a BIBL4-2007-3 
909 |a Ρ  |b 138485 
922 |a 4ΕΛΗ  |b 200708  |c ΕΠΕΑΕΚ2/ΤΜΣ  |d Σ. ΠΑΤΑΚΗΣ 
970 |a ΧΑΡΙΟΠΟΛΙΤΟΥ  |b ΚΩΝΣΤΑΝΤΙΝΑ  |z 2007/09/26